[Event "Thetford Mines Groupe Commerce"]
[Site "Thetford Mines"]
[Date "1993.07.04"]
[Round "4"]
[White "Van Edel, Steven"]
[Black "Morin, Louis"]
[Result "1/2-1/2"]
[WhiteElo "1638"]
[BlackElo "1940"]
[PlyCount "62"]
[EventDate "1993.07.02"]
[EventType "swiss"]
[EventRounds "5"]
[EventCountry "CAN"]
[SourceTitle "EXT 2022"]
[Source "ChessBase"]
[SourceDate "2021.10.06"]
[SourceVersion "1"]
[SourceVersionDate "2021.10.06"]
[SourceQuality "1"]

1. e4 e5 2. Nf3 d6 3. d4 Nf6 4. dxe5 Nxe4 5. Qd5 Nc5 6. Bg5 Qd7 7. Nc3 c6 8. Qd2 dxe5 9. Nxe5 Qxd2+ 10. Bxd2 Be7 11. Bc4 Be6 12. Bxe6 Nxe6 13. 0-0-0 0-0 14. Be3 Bg5 15. Bxg5 Nxg5 16. Nd7 Nxd7 17. Rxd7 Rab8 18. Rhd1 Ne6 19. Ne4 Rfd8 20. Rxd8+ Rxd8 21. Rxd8+ Nxd8 22. Kd2 Kf8 23. f4 Ke7 24. f5 f6 25. g4 b6 26. c4 c5 27. b3 Nc6 28. Ke3 Ne5 29. h3 h6 30. a4 Nc6 31. Kd3 Ne5+ 1/2-1/2